[Event "Circulo Peruano op 2nd"]
[Site "Lima"]
[Date "2012.02.29"]
[Round "7"]
[White "Ramirez, Guillermo"]
[Black "Flores Cosme, Piero"]
[Result "1/2-1/2"]
[WhiteElo "2055"]
[BlackElo "1496"]
[PlyCount "87"]
[EventDate "2012.02.23"]
[EventType "swiss"]
[EventRounds "7"]
[EventCountry "PER"]
[SourceTitle "EXT 2013"]
[Source "ChessBase"]
[SourceDate "2012.11.22"]
[SourceVersion "1"]
[SourceVersionDate "2012.11.22"]
[SourceQuality "1"]

1. e4 c5 2. Nf3 d6 3. d4 cxd4 4. Nxd4 Nf6 5. Nc3 a6 6. Be3 e6 7. Be2 Be7 8. 0-0 0-0 9. Qd2 Qc7 10. a4 Nc6 11. Rfc1 Bd7 12. Nxc6 Bxc6 13. Bf3 Rfd8 14. a5 Qd7 15. Bb6 Rdc8 16. Re1 Bd8 17. Be3 Bc7 18. Bg5 Qd8 19. Bxf6 Qxf6 20. b4 Rd8 21. Re3 d5 22. exd5 Bxd5 23. Bxd5 exd5 24. Rf3 Qh4 25. Rh3 Qxb4 26. Rb1 Qxa5 27. Qd3 h6 28. Qd4 b6 29. f4 Qc5 30. Qxc5 bxc5 31. Rb7 Bxf4 32. Rf3 Be5 33. Na4 Bd4+ 34. Kf1 Bf6 35. Nxc5 Rdc8 36. Nd7 Rc6 37. Nb6 Rd8 38. Nd7 Rd6 39. Nc5 Rc8 40. Nd7 Rxc2 41. Rb8+ Kh7 42. Nf8+ Kg8 43. Ne6+ Kh7 44. Nf8+ 1/2-1/2

[Event "Circulo Peruano op 2nd"]
[Site "Lima"]
[Date "2012.02.24"]
[Round "2"]
[White "Ramirez, Guillermo"]
[Black "Pazos, Jorge Alberto"]
[Result "0-1"]
[WhiteElo "2055"]
[BlackElo "1750"]
[PlyCount "90"]
[EventDate "2012.02.23"]
[EventType "swiss"]
[EventRounds "7"]
[EventCountry "PER"]
[SourceTitle "EXT 2013"]
[Source "ChessBase"]
[SourceDate "2012.11.22"]
[SourceVersion "1"]
[SourceVersionDate "2012.11.22"]
[SourceQuality "1"]

1. e4 e6 2. Nf3 c5 3. Be2 Nc6 4. c3 Qc7 5. d3 Be7 6. Be3 Nf6 7. 0-0 d5 8. exd5 Nxd5 9. Nbd2 0-0 10. Ne4 b6 11. d4 f5 12. Neg5 h6 13. Nh3 f4 14. Bd2 g5 15. Qc2 Kg7 16. Ne1 e5 17. f3 Bf5 18. Qc1 exd4 19. cxd4 Nxd4 20. Qd1 Rad8 21. Nf2 Ne3 22. Bxe3 fxe3 23. Ne4 Nxf3+ 24. gxf3 Rxd1 25. Rxd1 Bxe4 26. fxe4 Rxf1+ 27. Bxf1 Qf4 28. Ng2 Qf2+ 29. Kh1 e2 30. Bxe2 Qxe2 31. Re1 Qxb2 32. e5 h5 33. e6 h4 34. h3 Qf2 35. Rg1 Qf3 36. Re1 g4 37. hxg4 h3 38. Rg1 Bd6 39. e7 Bxe7 40. Kh2 Bd6+ 41. Kh1 Qg3 42. Nf4 Qf3+ 43. Kh2 Qxf4+ 44. Rg3 Qxg3+ 45. Kh1 Qg2# 0-1